Countries Longer than the Moon - Statistics

General Stats
  • This quiz has been taken 21 times
  • The average score is 6 of 7
Answer Stats
Length (km) Answer % Correct
5,500 km Canada
100%
9,000 km Russia
100%
4,800 km USA
100%
4,300 km Brazil
89%
5,200 km China
89%
4,000 km Australia
84%
4,300 km Chile
74%
No matching quizzes found
Score Distribution
Percent of People with Each Score
Percentile by Number Answered
Your Score History
You have not taken this quiz